000 00663nam a2200289Ia 4500
005 20260324134322.0
008 008 260324s9999 xx 000 0 eng d
020 _a9781315476810
037 _aEBOOK
040 _aCRL
040 _beng
040 _cCRL
041 _2eng
041 _aeng
084 _qCRL
100 _aAmanda Gilroy
_91196374
245 0 _aJoanna Baillie
245 2 _bA Selection of Poems and Plays
260 _bTaylor and Francis
260 _c2002
365 _a
365 _b115
856 _uhttp://www.taylorfrancis.com/books/9781315476810
942 _cEBOOK
999 _c1796339
_d1796339